| 000 | 01166nam a22002297a 4500 | ||
|---|---|---|---|
| 999 |
_c1555 _d1555 |
||
| 003 | AR-CdUCM | ||
| 008 | 190227b ||||| |||| 00| 0 spa d | ||
| 020 | _a8489292272 | ||
| 040 |
_aMUNICIPALIDAD PROVINCIAL DEL CUSCO _cBIBLIOTECA MUNICIPAL DEL CUSCO |
||
| 082 |
_a985.0331 / _bSZ99 |
||
| 100 |
_aSzeminski, Jan _95840 |
||
| 245 | _aLa utopía tupamarista / | ||
| 260 |
_aLima : _bPontificia Universidad Católica del Perú, Fondo Editorial, _c1984. |
||
| 300 |
_a297 páginas ; _c20 cm. _bDiagrámas. |
||
| 505 | _aContenido: Pensando en español -- Sobre el significado de algunos términos empleados en los documentos -- Sobre la comprensión de la independencia -- Runa simiwan Yuyasqa -- Sobre el tiempo-espacio en el Tawantinsuyu -- Sobre las existencia de formas que continuaron la organización social incaica y la concepción de tiempo-espacio en la época de la revolución tupamarista .. | ||
| 650 |
_aHistoria - Perú _94248 |
||
| 650 |
_aTúpac Amaru, José Gabriel - Revolución _95841 |
||
| 650 |
_aIndígenas del Perú - vida y costumbres _95842 |
||
| 650 |
_aSiglo XVIII - Perú _95843 |
||
| 942 |
_2ddc _cLIBROS |
||
| 945 |
_alccs _d2019-02-27 |
||